LEADER 01318nam a2200289 a 4500 001 000000129660 003 CaOOAMICUS 005 20120713143102.0 008 120713s2012 it ad u000 u ita r 020 $a978-88-96106-29-7 040 $aPUL$bita 082 04$a220 100 1 $aPellegrino, Carmelo,$csac.,$d1971-$0(OLS)http://pul/name/69081 245 13$aLa storia della nostra salvezza :$bun primo approccio alla Bibbia /$cCarmelo Pellegrino, Domenico Vitulli. 260 $aSan Giorgio Jonico (Taranto) :$bServi della Sofferenza,$cİ2012. 300 $a357 p. :ill., grafici ;$c24 cm 504 $aBibliografia in nota. 630 04$aBiblia$xCritica e interpretazione.$0(OLS)http://pul/subject/2023 700 1 $aVitulli, Domenico,$csac.,$d1965-$0(OLS)http://pul/name/80830 850 $aPUL 852 $aPUL$W1$xSL Religione 3$y85$m220 PELCA 1$j150139$qDDC 21$B148677$CPULBib$Z2$F148677 $H120221 $82 941 1 $a9 996 $6020$a978-88-96106-29-7$9(OLS)http://pul/number/150285 996 $6082$a220$9(OLS)http://pul/classification/523 996 $6245$aLa storia della nostra salvezza :$bun primo approccio alla Bibbia$9(OLS)http://pul/title/163888 996 $6260$aSan Giorgio Jonico (Taranto) :$bServi della Sofferenza$9(OLS)http://pul/publisher/81787 LEADER 01400nam a2200313 u 4500 001 000000119714 003 CaOOAMICUS 005 20100202160753.0 008 100202t2009 it u000 u ita r 020 $a978-88-10-20655-3 040 $aPUL$bita$dReb 041 1 $aita$hger 100 1 $aBeutler, Johannes,$cS.I.,$d1933-$0(OLS)http://pul/name/18712 240 10$aJohannesbriefe$lItaliano.$0(OLS)http://pul/title/150630 245 13$aLe Lettere di Giovanni :$bintroduzione, versione e commento /$cJohannes Beutler. 260 $aBologna :$bEDB,$cİ2009. 300 $a222 p. ;$c24 cm 490 1 $aTesti e commenti 500 $aTraduzione dal tedesco di Fabrizio Iodice. 504 $aBibliografia p. 181-202. 630 04$aBiblia.$pN.T.$pIohannis epistolae$xCritica e interpretazione.$0(OLS)http://pul/subject/36387 700 1 $aIodice, Fabrizio,$d1961-$0(OLS)http://pul/name/74842 830 0$aTesti e commenti (Edizioni Dehoniane Bologna).$0(OLS)http://pul/title/43729 850 $aPUL 852 $aPUL$W1$xSL Religione 3$y85$m227. 9 BEUJO 1$j137352$qDDC 21$B136426$CPULBib$Z2$F136426 $H112013 $82 941 1 $a9 996 $6020$a978-88-10-20655-3$9(OLS)http://pul/number/143190 996 $6245$aLe Lettere di Giovanni :$bintroduzione, versione e commento$9(OLS)http://pul/title/150629 996 $6260$aBologna :$bEDB$9(OLS)http://pul/publisher/56073